000 00726nam a2200289Ia 4500
005 20260324133231.0
008 008 260324s9999 xx 000 0 eng d
020 _a9781315808703
037 _aEBOOK
040 _aCRL
040 _beng
040 _cCRL
041 _2eng
041 _aeng
084 _qCRL
100 _aGary Harper; Yolanda Suarez-Balcazar
_91192305
245 0 _aEmpowerment and Participatory Evaluation of Community Interventions
245 0 _bMultiple Benefits
260 _bTaylor and Francis
260 _c2003
365 _a
365 _b170
856 _uhttp://www.taylorfrancis.com/books/9781315808703
942 _cEBOOK
999 _c1791177
_d1791177